المسؤولية الإدارية في الإسلام / (رقم التسجيلة. 3394)

تفاصيل مارك
000 -الفاتح
عناصر البيانات ثابتة الطول 00703cam a2200205 i 4500
005 - تاريخ ووقت آخر معاملة
حقل ضبط 20251216113623.0
008 - عناصر البيانات ثابتة الطول
عناصر البيانات ثابتة الطول 250721s1996 le gr 000 0 ara d
082 14 - رقم تصنيف ديوي العشري
رقم التصنيف 216,951
رقم المادة ر ق ي
100 1# - مدخل رئيسي – اسم شخصي
الاسم الشخصي رقيط، حمد حسن
علاقة الشخص بالعمل/ دوره مؤلف.
245 12 - بيان العنوان
العنوان المسؤولية الإدارية في الإسلام /
بيان المسؤولية حمد حسن رقيط.
250 ## - بيان الطبعة
بيان الطبعة الطبعة الأولى.
264 31 - بيانات النشر، التوزيع…إلخ
مكان النشر، التوزيع...إلخ بيروت :
اسم الناشر، الموزع...إلخ دار ابن حزم،
تاريخ النشر، التوزيع...إلخ 1996.
264 31 - بيانات النشر، التوزيع…إلخ
مكان النشر، التوزيع...إلخ العين :
اسم الناشر، الموزع...إلخ المكتبة الحديثة،
تاريخ النشر، التوزيع...إلخ 1996.
300 ## - الوصف المادي
عدد الوحدات المكونة للوعاء 105 صفحة.
650 17 - مدخل إضافي بالموضوع - مصطلح موضوعي
مصطلح موضوعي أو اسم جغرافي كعنصر مدخل الفقه الإسلامي.
650 17 - مدخل إضافي بالموضوع - مصطلح موضوعي
مصطلح موضوعي أو اسم جغرافي كعنصر مدخل الإدارة.
650 17 - مدخل إضافي بالموضوع - مصطلح موضوعي
مصطلح موضوعي أو اسم جغرافي كعنصر مدخل تنظيم العمل.
942 ## - بيانات إضافية (كوها)
نوع التنصيف Dewey Decimal Classification
نوع المادة (كوها) كتب
المقتنيات
حالة السحب حالة الفقدان مصدر التصنيف حالة التلف غير قابل للإعارة المكتبة الرئيسية المكتبة الحالية موقع الرف تاريخ التزويد الرقم المتسلسل Total Checkouts رقم الإستدعاء الباركود تاريخ آخر ظهور تاريخ الفاتورة نوع المادة (كوها)
    Dewey Decimal Classification     المكتبة المركزية المكتبة المركزية الإعارة 06/07/2004 321026   216,951 / ر ق ي 321026 28/07/2025 06/07/2004 كتب
Implemented & Customized by: BBB with SCIT (Smart Chains for Information Technology)

Powered by Koha